Municipis de la comarca del Bages (Catalunya) - Statistics

General Stats
  • This quiz has been taken 474 times
    451 since last reset
  • The average score is 21 of 30
Answer Stats
Hint Answer % Correct
M Manresa
99%
SFB Sant Fruitós de Bages
86%
S Santpedor
86%
N Navàs
85%
S Súria
85%
C Cardona
84%
S Sallent
83%
N Navarcles
80%
SJV Sant Joan de Vilatorrada
80%
SVC Sant Vicenç de Castellet
80%
MM Monistrol de Montserrat
79%
B Balsareny
77%
A Artés
73%
CV Castellbell i el Vilar
72%
T Talamanca
72%
A Avinyó
70%
M Mura
70%
SMB Sant Mateu de Bages
67%
SSG Sant Salvador de Guardiola
64%
C Callús
63%
C Castellgalí
63%
F Fonollosa
61%
R Rajadell
61%
SFS Sant Feliu Sasserra
61%
PVR El Pont de Vilomara i Rocafort
60%
AS Aguilar de Segarra
59%
CB Castellnou de Bages
55%
M Marganell
53%
G Gaià
52%
CB Castellfollit del Boix
51%
No matching quizzes found
Score Distribution
Percent of People with Each Score
Percentile by Number Answered
Your Score History
You have not taken this quiz since the last reset